[Event "AUTO-ADV-1712"]
[Site "http://www.queenalice.com/game.php?id=755147"]
[Date "2010.4.2"]
[Round "1"]
[White "Indefinable"]
[Black "ViniciusCastro"]
[Result "1-0"]
[WhiteElo "1971"]
[BlackElo "1700"]

1. e4 e5 2. Nf3 Nc6 3. Bb5 Nge7 4. c3 g6 5. d3 Bg7 6. Nbd2 O-O 7. Nf1 a6 8. Ba4
b5 9. Bc2 Bb7 10. Ng3 d6 11. h3 b4 12. O-O a5 13. Nh2 Bc8 14. f4 exf4 15. Bxf4
d5 16. Qf3 dxe4 17. Nxe4 Nd5 18. Bd2 bxc3 19. bxc3 Ne5 20. Qg3 c6 21. Rae1 Ba6
22. Nc5 Qb6 23. Qf2 Nc7 24. Be3 Qb2 25. Nxa6 Nxa6 26. Bd4 Nd7 27. Bxg7 Kxg7 28.
Qd4+ Kg8 29. Ng4 h5 30. Nh6+ Kh7 31. Rxf7+ Rxf7 32. Nxf7 Qxc2 33. Qxd7 Qd2 34.
Ng5+ Kh6 35. Re5 Qc1+ 36. Kh2 Qf4+ 37. Kh1 Qxe5 38. Nf7+ 1-0

[Event "AUTO-ADV-1712"]
[Site "http://www.queenalice.com/game.php?id=755158"]
[Date "2010.4.2"]
[Round "1"]
[White "Mannu"]
[Black "Indefinable"]
[Result "0-1"]
[WhiteElo "1922"]
[BlackElo "1952"]

1. e4 e5 2. Nf3 Nc6 3. Bc4 Nf6 4. d3 Be7 5. Be3 d6 6. h3 Na5 7. Bb3 Nxb3 8. axb3
O-O 9. Nc3 h6 10. O-O Nh7 11. Nd5 f5 12. c4 f4 13. Bd2 Be6 14. Nxe7+ Qxe7 15.
Kh2 g5 16. Ng1 Nf6 17. g4 Kg7 18. f3 h5 19. Bc3 hxg4 20. fxg4 Rh8 21. Kg2 Rh4
0-1

[Event "AUTO-ADV-1712"]
[Site "http://www.queenalice.com/game.php?id=755159"]
[Date "2010.4.2"]
[Round "1"]
[White "Indefinable"]
[Black "Mannu"]
[Result "0-1"]
[WhiteElo "1939"]
[BlackElo "1955"]

1. e4 e5 2. Nf3 Nc6 3. Bb5 a6 4. Ba4 b5 5. Bb3 Bc5 6. c3 Nf6 7. d3 h6 8. Nbd2
O-O 9. Nf1 d6 10. Ng3 d5 11. exd5 Nxd5 12. O-O Be6 13. Ne4 Bd6 14. h3 Nce7 15.
d4 exd4 16. Nxd4 Qd7 17. Nxe6 fxe6 18. Re1 Kh8 19. Qd4 e5 20. Qd3 Nf4 21. Bxf4
Rxf4 22. Bc2 Qf5 23. Qe2 Qe6 24. Qd3 Qf5 25. Rad1 Rf8 26. g4 Qg6 27. Qe2 Qe6 28.
Rd2 Qxa2 29. Nxd6 cxd6 30. Rxd6 Qxb2 31. Qd3 e4 32. Rxe4 Rxf2 33. Re2 Qc1+ 34.
Bd1 Qf4 35. Re1 Qh2# 0-1

[Event "AUTO-ADV-1712"]
[Site "http://www.queenalice.com/game.php?id=755164"]
[Date "2010.4.2"]
[Round "1"]
[White "luizpessoa"]
[Black "Indefinable"]
[Result "0-1"]
[WhiteElo "1762"]
[BlackElo "1970"]

1. e4 e5 2. Nf3 Nc6 3. Bc4 Nf6 4. d3 Be7 5. Ng5 O-O 6. Bxf7+ Rxf7 7. Nxf7 Kxf7
8. h3 d5 9. exd5 Qxd5 10. O-O Nd4 11. c3 Nf5 12. Be3 b6 13. c4 Qc6 14. Bg5 Bb7
15. f3 h6 16. Bd2 Rd8 17. Bc3 Ne3 18. Qe2 Nxf1 19. Kxf1 Bd6 20. Nd2 Nh5 21. Ne4
Re8 22. f4 Nxf4 23. Qf3 Kg8 24. Kg1 Rf8 25. Qg4 Nxd3 26. Rf1 Bc5+ 27. Nf2 Bxf2+
28. Kh1 h5 29. Qg5 Rf5 30. Qd8+ Kh7 31. Qd5 Qxd5 32. cxd5 Bxd5 33. Kh2 Bg3+ 34.
Kxg3 Rxf1 35. b3 Rg1 36. Kh4 g6 37. Bd4 exd4 38. a3 Rxg2 39. a4 Kh6 40. a5 g5#
0-1

[Event "AUTO-ADV-1712"]
[Site "http://www.queenalice.com/game.php?id=755165"]
[Date "2010.4.2"]
[Round "1"]
[White "Indefinable"]
[Black "luizpessoa"]
[Result "0-1"]
[WhiteElo "1992"]
[BlackElo "1849"]

1. e4 Nc6 2. d4 d5 3. e5 Bf5 4. c3 e6 5. Nf3 a6 6. g3 b5 7. Nbd2 b4 8. Nh4 bxc3
9. bxc3 Bg6 10. Nxg6 hxg6 11. Qa4 Qd7 12. Bb5 axb5 13. Qxa8+ Nd8 14. a4 bxa4 15.
Rxa4 Be7 16. c4 Nh6 17. c5 O-O 18. Ra3 Nf5 19. Nf3 f6 20. O-O fxe5 21. Nxe5 Qe8
22. Be3 Bf6 23. f4 Nxe3 24. Rxe3 Qb5 25. Nxg6 Bxd4 26. Nxf8 Bxe3+ 27. Kg2 Qe2+
28. Kh3 Qxf1+ 29. Kh4 Bxc5 30. Nxe6 Be7+ 0-1

[Event "AUTO-MASTER-1084"]
[Site "http://www.queenalice.com/game.php?id=755290"]
[Date "2010.4.2"]
[Round "1"]
[White "Indefinable"]
[Black "Feijo"]
[Result "0-1"]
[WhiteElo "1948"]
[BlackElo "2122"]

1. e4 c5 2. Nf3 Nc6 3. d4 cxd4 4. Nxd4 Nf6 5. Nc3 e5 6. Nb3 Bb4 7. f3 d5 8. exd5
Nxd5 9. Bd2 Bxc3 10. bxc3 O-O 11. Bd3 Qh4+ 12. g3 Qh3 13. Qe2 Bf5 14. O-O-O a5
15. Nc5 Bxd3 16. cxd3 b5 17. Qe4 Rfd8 18. c4 bxc4 19. dxc4 Ndb4 20. a3 Rd4 21.
Qe2 Na2+ 22. Kb1 Qf5+ 23. Kxa2 Qc2+ 24. Ka1 Nb4 0-1

[Event "AUTO-MASTER-1084"]
[Site "http://www.queenalice.com/game.php?id=755291"]
[Date "2010.4.2"]
[Round "1"]
[White "Feijo"]
[Black "Indefinable"]
[Result "1-0"]
[WhiteElo "2151"]
[BlackElo "1970"]

1. e4 e5 2. Nf3 Nc6 3. d4 exd4 4. Nxd4 d6 5. Bb5 Bd7 6. Nxc6 bxc6 7. Bc4 Nf6 8.
Nc3 Be7 9. O-O O-O 10. Re1 Be6 11. Qe2 Qd7 12. Bd3 Ng4 13. f4 f5 14. exf5 1-0

[Event "AUTO-MASTER-1084"]
[Site "http://www.queenalice.com/game.php?id=755292"]
[Date "2010.4.2"]
[Round "1"]
[White "Indefinable"]
[Black "trompmaster"]
[Result "0-1"]
[WhiteElo "1976"]
[BlackElo "2223"]

1. e4 d6 2. d4 Nd7 3. Bd3 c6 4. Ne2 Qc7 5. f4 e5 6. dxe5 dxe5 7. f5 Ngf6 8. O-O
Bc5+ 9. Kh1 Ng4 10. Nd4 Ndf6 11. h3 h5 12. Nf3 Nf2+ 13. Rxf2 Bxf2 14. Qe2 Bb6
15. Nc3 Bd7 16. Na4 Kf8 17. Nxb6 axb6 18. b3 Kg8 19. Bb2 Re8 20. Qe1 Bc8 21. Ng5
b5 22. Qg3 h4 23. Qf2 Nh5 24. Qxh4 Nf4 25. Qg4 f6 26. Nf3 Bd7 27. Nh4 Rd8 28.
Ng6 Nxg6 29. Qxg6 c5 30. g4 c4 31. Be2 Be8 0-1

[Event "AUTO-MASTER-1084"]
[Site "http://www.queenalice.com/game.php?id=755293"]
[Date "2010.4.2"]
[Round "1"]
[White "trompmaster"]
[Black "Indefinable"]
[Result "1-0"]
[WhiteElo "2211"]
[BlackElo "1978"]

1. g3 d5 2. Bg2 e5 3. d3 Be6 4. Nd2 Bd6 5. h3 f5 6. e4 fxe4 7. dxe4 d4 8. Ne2
Nf6 9. O-O Qd7 10. Kh2 Nc6 11. f4 O-O 12. f5 Bf7 13. g4 Nb4 14. Ng3 h6 15. a3
Na6 16. h4 c5 17. g5 hxg5 18. hxg5 Ne8 19. g6 Nf6 20. Nh5 Be8 21. Nxf6+ Rxf6 22.
Qh5 Bxg6 23. fxg6 Rxf1 24. Qh7+ Kf8 25. Nxf1 Re8 26. Bg5 1-0

[Event "AUTO-MASTER-1084"]
[Site "http://www.queenalice.com/game.php?id=755294"]
[Date "2010.4.2"]
[Round "1"]
[White "Indefinable"]
[Black "KobeB"]
[Result "1/2-1/2"]
[WhiteElo "1961"]
[BlackElo "1901"]

1. e4 e5 2. Nf3 Nc6 3. Bb5 a6 4. Ba4 Nf6 5. O-O Be7 6. c3 O-O 7. d3 b5 8. Bc2 d6
9. h3 Be6 10. Be3 a5 11. Nbd2 a4 12. Nh2 a3 13. b3 d5 14. f4 dxe4 15. dxe4 b4
16. c4 Bd6 17. f5 Bd7 18. Ndf3 Re8 19. g4 h6 20. g5 hxg5 21. Bxg5 g6 22. Ng4 Be7
23. Ngxe5 gxf5 24. exf5 Nxe5 25. Nxe5 Nh7 26. Bxe7 Rxe7 27. Nxd7 Rxd7 28. Qg4+
Kf8 29. f6 Nxf6 30. Qh4 Ng8 31. Qh5 c6 32. Bh7 Ra5 33. c5 Raa7 34. Rf4 Rd5 35.
Qf3 Rd2 36. Rf1 Qe7 37. Rg4 Qxc5+ 38. Rf2 Rxf2 39. Rxg8+ Ke7 40. Qxf2 Qxf2+ 41.
Kxf2 Rd7 42. h4 Rd2+ 43. Ke3 Rxa2 44. Ra8 Rh2 45. Be4 Rxh4 46. Bxc6 f5 47. Bd5
Kd6 48. Bc4 Kc5 49. Ra5+ Kc6 50. Rxf5 Rh2 51. Ra5 1/2-1/2

[Event "AUTO-MASTER-1084"]
[Site "http://www.queenalice.com/game.php?id=755295"]
[Date "2010.4.2"]
[Round "1"]
[White "KobeB"]
[Black "Indefinable"]
[Result "0-1"]
[WhiteElo "1915"]
[BlackElo "1961"]

1. e4 e5 2. Nf3 Nc6 3. Bb5 d6 4. d4 exd4 5. Qxd4 Bd7 6. Bxc6 bxc6 7. O-O Nf6 8.
Bg5 Be7 9. e5 Nh5 10. Bxe7 Qxe7 11. Re1 O-O 12. exd6 Qxd6 13. Qh4 Nf6 14. Nc3
Qc5 15. Ne4 Nxe4 16. Rxe4 Qxc2 17. b3 Qb2 18. Rf1 Rae8 19. Ng5 Bf5 20. Rxe8 Rxe8
21. g4 Bg6 22. f4 h6 23. Nh3 Bd3 24. Rf2 Qc1+ 25. Kg2 Be4+ 26. Rf3 Qd1 27. Qf2
Bxf3+ 28. Kg3 Bxg4 29. Qxa7 Qf3+ 0-1

[Event "AUTO-MASTER-1095"]
[Site "http://www.queenalice.com/game.php?id=762476"]
[Date "2010.4.17"]
[Round "1"]
[White "Guigafmoraes"]
[Black "Indefinable"]
[Result "0-1"]
[WhiteElo "1955"]
[BlackElo "1977"]

1. d4 d5 2. c4 e6 3. Nc3 Be7 4. Nf3 c6 5. Bf4 dxc4 6. a4 Bb4 7. e4 Nf6 8. e5 Ne4
9. Rc1 Nd7 10. Bxc4 O-O 11. Bd3 f5 12. O-O Nb6 13. Bxe4 Bxc3 14. bxc3 fxe4 15.
Bg5 Qe8 16. Nd2 Qg6 17. Be3 Nd5 18. Qc2 b5 19. axb5 cxb5 20. Qxe4 Qf7 21. c4
bxc4 22. Nxc4 Ba6 23. Nd6 Qh5 24. Rc5 Bxf1 25. Rxd5 exd5 26. Qxd5+ Kh8 27. e6
Qxd5 0-1

[Event "AUTO-MASTER-1095"]
[Site "http://www.queenalice.com/game.php?id=762477"]
[Date "2010.4.17"]
[Round "1"]
[White "Indefinable"]
[Black "Guigafmoraes"]
[Result "1-0"]
[WhiteElo "1944"]
[BlackElo "1962"]

1. e4 c5 2. Nf3 e6 3. d4 cxd4 4. Nxd4 g6 5. Nc3 Bg7 6. Ndb5 Bxc3+ 7. Nxc3 Nc6 8.
Be3 d6 9. Be2 Nf6 10. O-O O-O 11. Bg5 e5 12. Nd5 Be6 13. Bxf6 1-0

[Event "AUTO-MASTER-1095"]
[Site "http://www.queenalice.com/game.php?id=762488"]
[Date "2010.4.17"]
[Round "1"]
[White "TheWatcher"]
[Black "Indefinable"]
[Result "1-0"]
[WhiteElo "2123"]
[BlackElo "1967"]

1. d4 d5 2. c4 e6 3. Nf3 Be7 4. Nc3 c6 5. e4 dxe4 6. Nxe4 Nf6 7. Ng3 Nbd7 8. Bd3
Nf8 9. Bd2 Ng6 10. Qc2 Qc7 11. O-O b6 12. Rfe1 Nf4 13. Ne5 Nxd3 14. Qxd3 Bb7 15.
Bf4 Bd6 16. c5 bxc5 17. dxc5 Bxc5 18. Ng6 Qb6 19. Nxh8 Bxf2+ 20. Kh1 Bxe1 21.
Rxe1 Kf8 22. Qd6+ Kg8 23. Nxf7 Kxf7 24. Qxe6+ Kf8 25. Bd6# 1-0

[Event "AUTO-MASTER-1095"]
[Site "http://www.queenalice.com/game.php?id=762489"]
[Date "2010.4.17"]
[Round "1"]
[White "Indefinable"]
[Black "TheWatcher"]
[Result "0-1"]
[WhiteElo "1957"]
[BlackElo "2130"]

1. e4 e6 2. d4 d5 3. e5 c5 4. c3 Nc6 5. Be3 Qb6 6. Qd2 Bd7 7. Nf3 h6 8. Be2 c4
9. O-O Nge7 10. g4 g5 11. Na3 Ng6 12. Nxc4 dxc4 13. Bxc4 Na5 14. Bd3 Qc7 15.
Rac1 b5 16. b3 Qb7 17. Qc2 Qxf3 18. Be2 Qh3 19. f3 Be7 20. Rf2 h5 21. Bf1 Qh4
22. h3 Qg3+ 23. Kh1 hxg4 24. fxg4 Qxg4 25. Qe4 Qxe4+ 0-1

[Event "AUTO-MASTER-1095"]
[Site "http://www.queenalice.com/game.php?id=762496"]
[Date "2010.4.17"]
[Round "1"]
[White "Indefinable"]
[Black "kookaburra"]
[Result "0-1"]
[WhiteElo "1939"]
[BlackElo "2148"]

1. e4 c5 2. Nf3 a6 3. d4 cxd4 4. Nxd4 Nf6 5. Nc3 e5 6. Nf5 d5 7. Bg5 d4 8. Bxf6
gxf6 9. Ne2 Bxf5 10. exf5 Qa5+ 11. c3 Nc6 12. Qb3 O-O-O 13. O-O-O Bh6+ 14. Kb1
dxc3 15. Nxc3 Rxd1+ 16. Qxd1 Rd8 17. Qb3 Nd4 18. Qxf7 Bd2 19. Ne4 Nc6 20. Bc4
Be1 21. Qh5 Rd4 22. Be6+ Kb8 23. Qe2 Bb4 24. Nxf6 Rd2 25. Nd7+ Kc7 26. Qe3 Rxd7
27. Bxd7 Kxd7 28. Rd1+ Kc7 29. Qh6 Bc5 30. Qxh7+ Kb6 31. f6 Qa4 32. Qd3 Qf4 33.
Qb3+ Ka7 34. Qf3 Qxh2 35. f7 Qh7+ 36. Ka1 Nd4 37. Qc3 Bb4 38. Qd3 Qxf7 39. f3
Bc5 40. Re1 Nc6 41. a3 Bd4 42. Rc1 Qg8 43. g4 Qg5 44. Re1 Qh4 45. Qe2 Qe7 46.
Qd3 Qh4 47. Re4 Qh1+ 48. Ka2 Qc1 49. Re2 Qg1 50. Rc2 Qe3 51. Qh7 Qxf3 52. g5
Qd5+ 53. Kb1 Be3 54. Qf5 Nd4 55. Qd3 Qh1+ 0-1

[Event "AUTO-MASTER-1095"]
[Site "http://www.queenalice.com/game.php?id=762497"]
[Date "2010.4.17"]
[Round "1"]
[White "kookaburra"]
[Black "Indefinable"]
[Result "1-0"]
[WhiteElo "2044"]
[BlackElo "1965"]

1. c4 e6 2. Nf3 d5 3. d4 c6 4. Nc3 Be7 5. e4 dxe4 6. Nxe4 Nf6 7. Bd3 Nbd7 8. O-O
Nf8 9. Re1 Ng6 10. Bd2 Qc7 11. d5 O-O 12. Bc3 Ng4 13. h3 N4e5 14. Nxe5 Nxe5 15.
d6 Bxd6 16. Nxd6 Nxd3 17. Qxd3 f6 18. Rad1 e5 19. f4 exf4 20. c5 f3 21. Qc4+ Kh8
22. Nf7+ Kg8 23. Nd6+ Kh8 24. Re3 fxg2 25. Rde1 Bxh3 26. Rxh3 b5 27. Qe4 h6 28.
Qg6 Rad8 29. Rhe3 1-0

[Event "AUTO-MASTER-1105"]
[Site "http://www.queenalice.com/game.php?id=768224"]
[Date "2010.4.29"]
[Round "1"]
[White "Indefinable"]
[Black "sia"]
[Result "1-0"]
[WhiteElo "1931"]
[BlackElo "2004"]

1. e4 e6 2. d4 Ne7 3. c4 c6 4. Nc3 Ng6 5. Bd3 Bb4 6. Nf3 O-O 7. O-O d6 8. a3
Bxc3 9. bxc3 d5 10. cxd5 cxd5 11. e5 a6 12. h3 Nc6 13. Nh2 b5 14. Ng4 Na5 15. f4
Nc4 16. g3 Qa5 17. Qe1 Ra7 18. h4 Rc7 19. h5 Ne7 20. h6 Qxc3 21. Qxc3 Bb7 22.
hxg7 Kxg7 23. f5 exf5 24. Bh6+ Kg8 25. Nf6+ Kh8 26. Bxf8 Bc8 27. Qc1 Ng6 28. Qh6
Nxf8 29. Qxf8# 1-0

[Event "AUTO-MASTER-1105"]
[Site "http://www.queenalice.com/game.php?id=768225"]
[Date "2010.4.29"]
[Round "1"]
[White "sia"]
[Black "Indefinable"]
[Result "1-0"]
[WhiteElo "2071"]
[BlackElo "1950"]

1. b3 e5 2. Bb2 Nc6 3. g3 d5 4. Bg2 Be6 5. Nf3 f6 6. O-O Bd6 7. Nc3 a6 8. d3 Qe7
9. Na4 b5 10. Nc3 Nh6 11. Nh4 O-O 12. Nxd5 Qf7 13. Nxf6+ Qxf6 14. Bxc6 Rad8 15.
c4 bxc4 16. bxc4 Bc5 17. Nf3 Bxc4 18. Nxe5 Bd4 19. Bxd4 Rxd4 20. Nxc4 Qxc6 21.
Qb3 Kh8 22. e3 Rd5 23. Rac1 Qf6 24. Nd2 Rh5 25. Rxc7 Ng4 26. Ne4 Qf3 27. Qc3 Rg8
28. h4 Rf5 29. Ng5 Rxg5 30. hxg5 Qf5 31. Rc5 Qg6 32. Kg2 Rf8 33. d4 Qh5 34. f4
Qh2+ 35. Kf3 Qh3 36. Qc4 Nh2+ 37. Kf2 Nxf1 38. Qxf1 Qe6 39. Qc4 Qg4 40. Qxa6
Qxg5 41. Rxg5 1-0

[Event "AUTO-MASTER-1105"]
[Site "http://www.queenalice.com/game.php?id=768226"]
[Date "2010.4.29"]
[Round "1"]
[White "Indefinable"]
[Black "GildemarSantos"]
[Result "0-1"]
[WhiteElo "2008"]
[BlackElo "1966"]

1. e4 c5 2. Nf3 d6 3. d4 cxd4 4. Nxd4 Nf6 5. Bd3 a6 6. Nc3 e6 7. f3 Be7 8. Be3
b5 9. Qd2 Bb7 10. O-O-O Qc7 11. Bxb5+ axb5 12. Ndxb5 Qd8 13. Nxd6+ Qxd6 14. Qxd6
Bxd6 15. Rxd6 O-O 16. h4 Nc6 17. g4 Ne5 18. Rh3 Ba6 19. h5 Nc4 20. Bc5 Nxd6 21.
Bxd6 Rfd8 22. Be7 Rd7 23. Bxf6 gxf6 24. h6 Rad8 25. f4 Be2 26. b3 Bxg4 27. Rg3
f5 28. a4 Rd4 29. Kb2 Kf8 30. e5 Rxf4 31. Nb5 Re4 32. c3 Rxe5 33. c4 Bh5 34. a5
f4 35. Rg1 f3 36. a6 Re2+ 37. Kc3 f2 38. Rf1 Rdd2 39. a7 Ra2 40. Nd4 Re3+ 41.
Kb4 Bf3 42. Rxf2 Rxf2 43. Nxf3 Ra2 44. Ng5 Kg8 45. c5 Rxa7 46. Kc4 f6 47. Nxe6
Rxe6 0-1

[Event "AUTO-MASTER-1105"]
[Site "http://www.queenalice.com/game.php?id=768227"]
[Date "2010.4.29"]
[Round "1"]
[White "GildemarSantos"]
[Black "Indefinable"]
[Result "0-1"]
[WhiteElo "2002"]
[BlackElo "1990"]

1. Nf3 Nc6 2. c4 Nf6 3. Nc3 e6 4. a3 d5 5. cxd5 exd5 6. d4 Be7 7. e3 O-O 8. Be2
h6 9. O-O Bg4 10. b4 Nh7 11. Bb2 f5 12. Rc1 f4 13. Nxd5 Bd6 14. Bc4 Kh8 15. Be2
fxe3 16. Nxe3 Bxf3 17. Bxf3 Qg5 18. h3 Qf4 19. Re1 Ng5 20. d5 Ne5 21. Bxe5 Bxe5
22. Ng4 Bd6 23. Qd3 h5 24. Rc4 Nxf3+ 25. gxf3 Qg5 26. h4 Qxh4 27. Kg2 Qg5 28.
Rh1 Kg8 29. Kf1 hxg4 30. Qh7+ Kf7 31. Rxg4 Qf6 32. Rhg1 Rg8 33. Qh5+ Ke7 34.
Re4+ Kf8 35. Rg5 g6 36. Qh6+ Kf7 37. Re6 Qxf3 38. Re3 Qf4 39. Rh3 Kf6 40. Rhh5
Rae8 41. Rh3 Qc1+ 42. Kg2 Qxg5+ 0-1

[Event "AUTO-MASTER-1105"]
[Site "http://www.queenalice.com/game.php?id=768228"]
[Date "2010.4.29"]
[Round "1"]
[White "Indefinable"]
[Black "DenisDiaz"]
[Result "1-0"]
[WhiteElo "1992"]
[BlackElo "1994"]

1. e4 c6 2. c4 d5 3. e5 d4 4. d3 Qa5+ 5. Bd2 Qxe5+ 6. Be2 g6 7. Nf3 Qd6 8. O-O
Bg7 9. b4 b6 10. Na3 e5 11. Ng5 f5 12. Bf3 Nf6 13. Qa4 Bb7 14. Rae1 O-O 15. b5
Nfd7 16. bxc6 Nxc6 17. Bd5+ Kh8 18. Nf7+ Rxf7 19. Bxf7 a6 20. f4 Nc5 21. Qc2 e4
22. dxe4 Nxe4 23. Bc1 d3 24. Qb3 d2 25. Bb2 Bd4+ 26. Bxd4+ Qxd4+ 27. Re3 Nb4 28.
Rd1 Rd8 29. Kf1 Kg7 30. Bd5 Bxd5 31. cxd5 Rxd5 32. Nc4 Nxa2 33. Qxa2 b5 34. Rxe4
Qxe4 35. Nxd2 Qxf4+ 36. Kg1 Qd4+ 37. Kh1 Rd6 38. Qc2 Kh6 39. Qc1 g5 40. Qa3 b4
41. Qh3+ Kg6 42. Qb3 a5 43. Qg8+ Kh6 44. Qf8+ Kg6 45. Qe8+ Kf6 46. Ne4+ Qxe4 47.
Rxd6+ Kg7 48. Qd7+ Kg8 49. Qc8+ 1-0

[Event "AUTO-MASTER-1105"]
[Site "http://www.queenalice.com/game.php?id=768229"]
[Date "2010.4.29"]
[Round "1"]
[White "DenisDiaz"]
[Black "Indefinable"]
[Result "0-1"]
[WhiteElo "2024"]
[BlackElo "1924"]

1. e4 e5 2. Nf3 Nc6 3. d4 exd4 4. Nxd4 d6 5. Bb5 Bd7 6. Nc3 Nf6 7. O-O Be7 8.
Re1 O-O 9. b3 h6 10. Bb2 a6 11. Bf1 Nh7 12. f4 f5 13. exf5 Bxf5 14. Nxf5 Rxf5
15. Qg4 Qf8 16. Bc4+ Kh8 17. Nd5 Rf7 18. Nxc7 Bf6 19. Bxf6 Nxf6 20. Qd1 Rxc7 21.
Re6 d5 22. Bd3 Nb4 23. Bg6 Nxc2 24. Bxc2 Qc5+ 0-1

[Event "pajabraba69-2"]
[Site "http://www.queenalice.com/game.php?id=773724"]
[Date "2010.5.10"]
[Round "1"]
[White "Indefinable"]
[Black "pgierech"]
[Result "1-0"]
[WhiteElo "1959"]
[BlackElo "2021"]

1. e4 Nf6 2. e5 Nd5 3. c4 Nb6 4. d4 d6 5. f4 dxe5 6. fxe5 Nc6 7. Be3 g6 8. Nf3
Bg7 9. Be2 O-O 10. O-O e6 11. Nc3 Ne7 12. Ne4 Nf5 13. Bg5 Qe8 14. g4 Ne7 15. Qd2
Kh8 16. Bf6 Ng8 17. g5 Bd7 18. Qf4 Bxf6 19. Nxf6 Qe7 20. Qh4 Nxf6 21. gxf6 1-0

[Event "pajabraba69-2"]
[Site "http://www.queenalice.com/game.php?id=944195"]
[Date "2011.5.30"]
[Round "2"]
[White "chuckvondra"]
[Black "Indefinable"]
[Result "1-0"]
[WhiteElo "2044"]
[BlackElo "2006"]

1. e4 e5 2. Nf3 Nc6 3. Bb5 d6 4. O-O Bd7 5. c3 Be7 6. d4 exd4 7. cxd4 Nf6 8. Nc3
O-O 9. h3 a6 10. Ba4 b5 11. Bc2 Na5 12. e5 Ne8 13. b3 c5 14. Qd3 f5 15. dxc5
dxc5 16. Qd5+ Kh8 17. e6 Bc6 18. Qxd8 Rxd8 19. Ne5 Nd6 20. Be3 b4 21. Ne2 Bb5
22. Rfe1 c4 23. Bb6 Bf6 24. Nf4 Nc6 25. Nxc6 Bxc6 26. e7 Bxe7 27. Rxe7 Rd7 28.
Rae1 Rxe7 29. Rxe7 1-0